Cuzco actual / (Record no. 22015)

000 -CABECERA
fixed length control field 01521nam a22002297a 4500
003 - IDENTIFICADOR DEL NÚMERO DE CONTROL
control field AR-CdUCM
008 - DATOS DE LONGITUD FIJA--INFORMACIÓN GENERAL
fixed length control field 190425b ||||| |||| 00| 0 spa d
040 ## - FUENTE DE LA CATALOGACIÓN
Agencia/entidad que catalogó originalmente la obra MUNICIPALIDAD PROVINCIAL DEL CUSCO
Entidad que transcribió la catalogación BIBLIOTECA MUNICIPAL DEL CUSCO
082 ## - NÚMERO DE LA CLASIFICACIÓN DECIMAL DEWEY
No. de Clasificación Cuzcoactual/N°2/1953
245 ## - MENCIÓN DE TÍTULO
Título Cuzco actual /
260 ## - PUBLICACIÓN, DISTRIBUCIÓN, ETC.
Lugar de publicación, distribución, etc. Cusco.
Nombre de la editorial, distribuidor, etc. Noticias e informaciones,
-- Futuro,
Fecha de publicación, distribución, etc. 1953.
300 ## - DESCRIPCIÓN FÍSICA
Nº de Páginas Extensión 32 páginas. :
Dimensiones 16 cm.
440 ## - MENCIÓN DE SERIE/PUNTO DE ACCESO ADICIONAL--TÍTULO
Título Cuzco Actual.
Número de la parte/sección de una obra N°2,1953
9 (RLIN) 47165
505 ## - NOTA DE CONTENIDO CON FORMATO
Nota de contenido formateada Contenido: Paseando con los turistas la ciudadanía se pronuncia por la deconstrucción del Cuzco. -- La refinada, estampas las manos feas, teatro infantil, día del trabajo, pildoritas Ross. -- La danza de las horas cuzqueñas, los empleados del Cuzco y su problema en los pizarrines municipales, el sentido de las cosas. -- Piedra blanca sobre un piedra negra. -- El sentido de lo justo. -- Por los pasillos judiciales. -- El drenaje de la pampa de Anta. -- La reconstrucciones del Cuzco. -- Provincias que progresan. -- Mujeres que trabajan. -- Iniciativas que se congelan. -- Quien estudia triunfa. -- Martirio de un sacerdote.-- Malos vientos para los diarios del Cuzco. -- Colonias penales para los vagos. -- Votación acertada. -- Los barredores, reflejo de las gentes. -- La Universidad del Cuzco. -- Extensión cultural.
650 ## - PUNTO DE ACCESO ADICIONAL DE MATERIA--TÉRMINO DE MATERIA
Descriptor Historias del Cusco
9 (RLIN) 47166
650 ## - PUNTO DE ACCESO ADICIONAL DE MATERIA--TÉRMINO DE MATERIA
Descriptor Diarios del Cusco
9 (RLIN) 47168
700 ## - PUNTO DE ACCESO ADICIONAL--NOMBRE DE PERSONA
Nombre Personal Kaido, Ali
9 (RLIN) 47170
700 ## - PUNTO DE ACCESO ADICIONAL--NOMBRE DE PERSONA
Nombre Personal Vallejo, Cesar
9 (RLIN) 47171
700 ## - PUNTO DE ACCESO ADICIONAL--NOMBRE DE PERSONA
Nombre Personal Ramos Perea, Abel
9 (RLIN) 13681
942 ## - ELEMENTOS DE PUNTO DE ACCESO ADICIONAL (KOHA)
Fuente de clasificación
Tipo de item Revistas cusqueñas
945 ## - PROCESAMIENTO DE INFORMACIÓN LOCAL (OCLC)
Catalogador vhl
Holdings
Estado de retiro (separado) Fuente de clasificación o esquema de estanterías Estado dañado Ubicación Sala donde se ubica Nombre de la colección Fecha de adquisición o compra Costo, precio normal en soles Signatura topográfica Código de Barras Última vez visto (Koha) Tipo de ítem (Koha)
No     Sala Hemeroteca Sala Hemeroteca Book Cart 2022-02-10 10.00 Cuzcoactual/N°2/1953 REVC000584 2022-02-10 Revistas cusqueñas
No     Sala Hemeroteca Sala Hemeroteca Book Cart 2022-02-10 10.00 Cuzcoactual/N°2/1953/e.2 REVC000585 2022-02-10 Revistas cusqueñas

Powered by Koha